00691nam a22001937a 450000500170000001000150001702000460003202000430007803500140012103700130013508200080014824500710015626000510022727000410027830000510031949000520037050000520042270000230047420180328160626.0 aENG-122436 a9780199474813 (Vol..69)c1450.00 (Vol.69) a 0199474818 (Vol.69)c1450.00 (Vol.69) aEN-105968 bDBAD/PUB a080 aSelected works of Jawarharlal Nehru /cedited by Madhavan K. Palat aNew DelhibJawaharlal Nehru Memoria Fundc2016 aTeen Murti House,bNew Delhie110011 aVol.69, (xxxii,824p.) :bill.(5maps)c25cm(Hb) asecond series Vol. 69 (16 May - 30 June 1961) aA project of the Jawaharlal Nehru memorial fund aPalat, Madhavan K.